000 00550 a2200181 4500
001 129851
022 _a1679-656X
040 _cLeonardo Da Vinci
041 _aInglês
082 _aSAM 2010
_b2010
245 _aScientific American 278
260 _bSciam
_cAbr. 1998
_aNew York
300 _a92
362 _a20100309
490 _aScientific American
_v278
697 _aAntimatéria Cósmica
_aSíndrome Pós-pólio
_aTesoura Laser e pinça
_aTécnologia sem Fio
_aSatélites de Comunicações Pessoais
_aTelecomunicação
_aGhemat
942 _cCR
999 _c129851
_d129851